000 01800cam a2200277zu 4500
001 88916500
003 FRCYB88916500
005 20251020125317.0
006 m o d
007 cr un
008 251020s2005 fr | o|||||0|0|||fre d
020 _a9782378902209
035 _aFRCYB88916500
040 _aFR-PaCSA
_bfr
_c
_erda
100 1 _aZerbib-Lucas, Sandrine
245 0 1 _a(Re)donner du sens a son management
_bCréer l''adhésion et convaincre avec le potentiel des
_c['Zerbib-Lucas, Sandrine']
264 1 _bGereso
_c2005
300 _a p.
336 _btxt
_2rdacontent
337 _bc
_2rdamdedia
338 _bc
_2rdacarrier
650 0 _a
700 0 _aZerbib-Lucas, Sandrine
856 4 0 _2Cyberlibris
_uhttps://international.scholarvox.com/netsen/book/88916500
_qtext/html
_a
520 _aComment mener rapidement un projet à son terme, obtenir une pleine adhésion, débloquer une situation complexe ?  Pour orienter les énergies dans un même sens et nourrir le consensus tout en respectant les sensibilités de chacun, le manager doit être capable de délivrer un message authentique et plein de sens. Mais l’accumulation des « non-dits » est souvent un frein au développement des organisations.  Pourtant, une nouvelle voie existe entre les méthodes de management classiques et les approches psychologiques.  À l’appui de nombreuses expériences en entreprise, l’auteur démontre que la révélation et l’utilisation subtile de ces « non-dits », notamment entre collaborateurs et managers, constituent les clés de la réussite.  Avec une volonté pédagogique constante, l’auteur propose une méthode simple et pragmatique, qui permettra à tout manager de renforcer ses capacités à décider, faire et convaincre.
999 _c1558078
_d1558078